000 00923cab a2200277 4500
001 ABS57276
008 090401t1997 xxu||||| |||| 00| 0 eng d
035 _a(Sirsi) u79838
041 _aeng
100 _aStazicker, D.
245 2 _aA push in the right directive
260 _c1997
350 _a0
490 _aSurveyor
_v17 July 1997, 21-23(3)
520 _aAnalyses the likely acceptance of the proposed EU strategic environmental assessment directive that urges `the assessment of the effects of plans and programmes on the environment`. Emphasises its importance for UK policy.
650 _aCONSTRUCTION PROJECTS
650 _aDEVELOPMENT
650 _aEU DIRECTIVES
650 _aPLANNING GUIDANCE
650 _aPLANNING POLICY
650 _aREGIONAL PLANS
650 _aSTRATEGIC ENVIRONMENTAL ASSESSMENT
690 _aENVIRONMENTAL AND LAND CONSULTANCY
942 _n0
948 _c24/07/1997
999 _c50233
_d50233